Statistics for Foreign Language Film Oscars

Click here to take the quiz!

General Stats

  • This quiz has been taken 71 times
    (33 since last reset)
  • The average score is 33 of 70

Answer Stats

HintAnswer% Correct
Cinema ParadisoItaly
84%
Life Is BeautifulItaly
81%
Fanny and AlexanderSweden
81%
The Discrete Charm of the BourgeoiseFrance
77%
8 1/2Italy
77%
La StradaItaly
74%
IndochineFrance
71%
Nights of CabiriaItaly
71%
Samurai, The Legend of MusashiJapan
71%
Volver a EmpezarSpain
71%
All About My MotherSpain
71%
AmachordItaly
68%
RashomonJapan
68%
The Bicycle ThiefItaly
65%
The Lives of OthersGermany
61%
The Garden of the Finzi-ContinisItaly
61%
Monsieur VincentFrance
58%
The Great BeautyItaly
58%
MediterraneoItaly
58%
Crouching Tiger, Hidden DragonTaiwan
58%
War and PeaceUSSR
58%
Pelle the ConquerorDenmark
55%
Day For NightFrance
55%
The Sea InsideSpain
55%
The Virgin SpringSweden
55%
The Secret in Their EyesArgentina
52%
A Man and A WomanFrance
52%
My UncleFrance
52%
A SeparationIran
52%
Investigation of A Citizen Above SuspicionItaly
52%
IdaPoland
52%
Burnt by the SunRussia
52%
Through A Glass DarklySweden
52%
A Fantastic WomanChile
48%
Black OrpheusFrance
48%
Belle EpoqueSpain
48%
Moscow Does Not Believe In TearsUSSR
48%
The Tin DrumWest Germany
48%
Madame RosaFrance
45%
MephistoHungary
45%
ZAlgeria
42%
The Barbarian InvasionsCanada
42%
Babette's FeastDenmark
42%
The Walls of MalapagaFrance / Italy
42%
Son of SaulHungary
42%
Shoe ShineItaly
42%
TsotsiSouth Africa
42%
No Man's LandBosnia and Herzegovina
39%
Dersu UzalaUSSR
39%
AmourAustria
35%
Closely Watched TrainsCzechoslovakia
35%
Forbidden GamesFrance
32%
The SalesmanIran
32%
Yesterday, Today, and TomorrowItaly
32%
DeparturesJapan
32%
The Official StoryArgentina
29%
The Shop on Main StreetCzechoslovakia
29%
In A Better WorldDenmark
29%
Gate of HellJapan
29%
Get Out Your HandkerchiefsFrance
26%
Sundays and CybeleFrance
26%
KolyaCzech Republic
23%
The CounterfietersAustria
19%
Black and White In ColorCote d'Ivoire
19%
KarakterNetherlands
19%
Antonia's LineNetherlands
19%
Nowhere in AfricaGermany
16%
The AssaultNetherlands
16%
Journey of HopeSwitzerland
16%
Dangerous MovesSwitzerland
16%

Score Distribution

Percentile by Number Answered

Percent of People with Each Score

Your Score History

You have not taken this quiz since the last reset